[Event "Chigorin Memorial 16th"]
[Site "St Petersburg"]
[Date "2008.10.10"]
[Round "8"]
[White "Prelovskij, Rudolf"]
[Black "Molchanova, Tatjana"]
[Result "1-0"]
[WhiteElo "2137"]
[BlackElo "2337"]
[PlyCount "111"]
[EventDate "2008.10.03"]
[EventType "swiss"]
[EventRounds "9"]
[EventCountry "RUS"]
[SourceTitle "CBM 126 Extra"]
[Source "ChessBase"]
[SourceDate "2008.11.05"]
[SourceVersion "1"]
[SourceVersionDate "2008.11.05"]
[SourceQuality "1"]

1. c4 Nf6 2. Nc3 e6 3. e4 c5 4. Nf3 Nc6 5. a3 e5 6. d3 d6 7. h3 g6 8. g3 Be6 9. Bg2 Qd7 10. Nd5 Bg7 11. Bh6 0-0 12. Nxf6+ Bxf6 13. Bxf8 Rxf8 14. Qd2 Kg7 15. b4 Bd8 16. Rb1 h6 17. g4 f5 18. exf5 gxf5 19. gxf5 Bxf5 20. Rb3 Bg6 21. Rg1 Kh7 22. Kf1 cxb4 23. axb4 Qe6 24. b5 e4 25. bxc6 exf3 26. Rxb7+ Be7 27. Bh1 Qxh3+ 28. Ke1 Rf7 29. Qe3 Qh5 30. Bxf3 Qa5+ 31. Kf1 Qa1+ 32. Kg2 Qf6 33. Kf1 Qa1+ 34. Ke2 Qa2+ 35. Ke1 Qa1+ 36. Bd1 Qc3+ 37. Qd2 Qe5+ 38. Kf1 Bf5 39. Rh1 Qe6 40. Qe2 Qf6 41. Qe3 Rg7 42. Bc2 Qa1+ 43. Rb1 Qf6 44. Ke1 Bd8 45. Kd2 Bb6 46. Qf4 Rg4 47. Qh2 Qg5+ 48. Kc3 Qf6+ 49. Kb3 d5 50. f3 Rd4 51. Rbe1 Bd8 52. Qe5 dxc4+ 53. Kc3 Rf4 54. c7 Qxe5+ 55. Rxe5 Bf6 56. d4 1-0

[Event "Chigorin Memorial 16th"]
[Site "St Petersburg"]
[Date "2008.10.07"]
[Round "5"]
[White "Barhudarian, Rafael"]
[Black "Prelovskij, Rudolf"]
[Result "1/2-1/2"]
[WhiteElo "2327"]
[BlackElo "2137"]
[PlyCount "179"]
[EventDate "2008.10.03"]
[EventType "swiss"]
[EventRounds "9"]
[EventCountry "RUS"]
[SourceTitle "CBM 126 Extra"]
[Source "ChessBase"]
[SourceDate "2008.11.05"]
[SourceVersion "1"]
[SourceVersionDate "2008.11.05"]
[SourceQuality "1"]

1. Nc3 Nf6 2. d4 d6 3. e4 c6 4. Nf3 Bg4 5. a4 Nbd7 6. Be3 e5 7. Bc4 Be7 8. 0-0 0-0 9. h3 Bh5 10. Be2 Bg6 11. Nd2 Re8 12. f4 exf4 13. Bxf4 Bf8 14. Bd3 a6 15. a5 b5 16. axb6 Qxb6 17. Nc4 Qa7 18. Kh1 d5 19. exd5 Nxd5 20. Nxd5 cxd5 21. Ne3 Qb7 22. b3 Nf6 23. Be5 Ne4 24. Bxe4 Bxe4 25. Qg4 Re6 26. Rf6 Rxf6 27. Bxf6 Qc6 28. Rf1 Re8 29. Be5 Re6 30. Rf2 Rg6 31. Qf4 f6 32. c4 Qc8 33. Kh2 Qd7 34. Bb8 Rg5 35. cxd5 Bxd5 36. Rc2 Bxb3 37. Rc3 Rb5 38. Ng4 Rxb8 39. Qxb8 Qd6+ 40. Qxd6 Bxd6+ 41. Kg1 Bd5 42. Ne3 Be4 43. Kf2 f5 44. g3 g5 45. d5 a5 46. Rc6 Be5 47. Re6 Bd4 48. d6 Bc6 49. Ke2 f4 50. gxf4 gxf4 51. Nf5 f3+ 52. Kd2 f2 53. Ng3 Bb5 54. Re4 Bc5 55. Re6 a4 56. Nf1 Kf7 57. Re7+ Kf8 58. Re5 Bb4+ 59. Ke3 Bxf1 60. d7 Be7 61. Rf5+ Kg7 62. Rxf2 Bxh3 63. Rd2 Bd8 64. Rd4 a3 65. Ra4 Kf7 66. Rxa3 h5 67. Kf4 Be6 68. Ra8 Ke7 69. Ra6 Bg4 70. Ra7 Ke6 71. Rb7 Kd6 72. Kg3 Kc6 73. Rb4 Be6 74. Re4 Bd5 75. Rd4 Be6 76. Re4 Bf5 77. Rf4 Bxd7 78. Rd4 Bc7+ 79. Kh4 Be8 80. Rd1 Bd6 81. Re1 Bf7 82. Kg5 Kd7 83. Rd1 Ke6 84. Re1+ Kd7 85. Rd1 Be8 86. Rd2 Kc7 87. Re2 Bf7 88. Rc2+ Kd7 89. Rd2 Ke7 90. Rf2 1/2-1/2

[Event "Chigorin Memorial 16th"]
[Site "St Petersburg"]
[Date "2008.10.04"]
[Round "1"]
[White "Alavkin, Arseny Nailievich"]
[Black "Prelovskij, Rudolf"]
[Result "1-0"]
[WhiteElo "2476"]
[BlackElo "2137"]
[PlyCount "73"]
[EventDate "2008.10.03"]
[EventType "swiss"]
[EventRounds "9"]
[EventCountry "RUS"]
[SourceTitle "CBM 126 Extra"]
[Source "ChessBase"]
[SourceDate "2008.11.05"]
[SourceVersion "1"]
[SourceVersionDate "2008.11.05"]
[SourceQuality "1"]

1. e4 c5 2. Nf3 d6 3. Bb5+ Bd7 4. Bxd7+ Qxd7 5. 0-0 Nc6 6. c3 Nf6 7. Re1 e5 8. d4 Qc7 9. Bg5 Be7 10. Na3 a6 11. Nc4 Rd8 12. Ne3 Qd7 13. Nf5 0-0 14. Qd2 Rfe8 15. Rad1 exd4 16. Nxe7+ Qxe7 17. cxd4 h6 18. Bh4 cxd4 19. Nxd4 Nxd4 20. Qxd4 g5 21. Bg3 d5 22. e5 Ne4 23. f4 Qe6 24. Rf1 Qg4 25. Rd3 Qc8 26. Re3 b5 27. b3 Re6 28. Be1 Rc6 29. f5 Rc2 30. e6 fxe6 31. f6 Rf8 32. Rxe4 dxe4 33. Qxe4 Rc7 34. Qg6+ Kh8 35. f7 Rcxf7 36. Rxf7 Qc5+ 37. Kf1 1-0

[Event "St Petersburg op"]
[Site "St Petersburg"]
[Date "2007.10.31"]
[Round "5"]
[White "Prelovskij, Rudolf"]
[Black "Koniukhov, Vladimir"]
[Result "1-0"]
[WhiteElo "2181"]
[BlackElo "2048"]
[PlyCount "107"]
[EventDate "2007.10.27"]
[EventType "swiss"]
[EventRounds "9"]
[EventCountry "RUS"]
[SourceTitle "CBM 121 Extra"]
[Source "ChessBase"]
[SourceDate "2008.01.10"]
[SourceVersion "1"]
[SourceVersionDate "2008.01.10"]
[SourceQuality "1"]

1. c4 Nf6 2. Nc3 d6 3. d4 Nbd7 4. g3 g6 5. e4 e5 6. d5 a5 7. Bg2 Bg7 8. h4 h6 9. Be3 0-0 10. f3 Re8 11. Nge2 Nf8 12. Qd2 Kh7 13. 0-0-0 b6 14. Kb1 a4 15. Rc1 N8d7 16. g4 Ng8 17. Ng3 Nc5 18. Rcg1 Bd7 19. Bf1 Qe7 20. Rg2 Reb8 21. Rhg1 Kh8 22. Rh1 a3 23. b3 Qd8 24. Rgh2 Qe7 25. Bxh6 Bxh6 26. g5 Kg7 27. Rg1 f6 28. gxh6+ Nxh6 29. Bh3 Kh7 30. Bxd7 Qxd7 31. Rhg2 Rg8 32. Nb5 Qe7 33. Ne2 Rg7 34. Nec3 Rag8 35. Nxa3 Qd7 36. Rh1 Re8 37. Nc2 Qf7 38. Ne3 Reg8 39. Ng4 Nxg4 40. fxg4 Rh8 41. Rf2 Qd7 42. Qe2 Rf8 43. g5 Kg8 44. gxf6 Rgf7 45. Rhf1 Qh3 46. Kc2 Qxh4 47. Rh2 Qg5 48. Rfh1 Rxf6 49. b4 Na6 50. Kb3 Nb8 51. Rh8+ Kf7 52. R1h7+ Ke8 53. c5 bxc5 54. Qb5+ 1-0

[Event "St Petersburg White Nights op"]
[Site "St Petersburg"]
[Date "2006.07.01"]
[Round "9"]
[White "Mishuchkov, Nikolai Mikhailovic"]
[Black "Prelovskij, Rudolf"]
[Result "1-0"]
[WhiteElo "2371"]
[BlackElo "2184"]
[PlyCount "105"]
[EventDate "2006.06.23"]
[EventType "swiss"]
[EventRounds "9"]
[EventCountry "RUS"]
[SourceTitle "CBM 112 Extra"]
[Source "ChessBase"]
[SourceDate "2006.07.14"]
[SourceVersion "1"]
[SourceVersionDate "2006.07.14"]
[SourceQuality "1"]

1. Nf3 Nf6 2. d4 c6 3. c4 d6 4. Nc3 Bg4 5. e4 Nbd7 6. Be2 e5 7. Be3 Qc7 8. Ng1 Bxe2 9. Ngxe2 Be7 10. f3 0-0 11. 0-0 Rfe8 12. Qd2 Bf8 13. d5 a6 14. Rfc1 Reb8 15. Rc2 Qa5 16. dxc6 bxc6 17. Nd5 Qxd2 18. Nxf6+ Nxf6 19. Rxd2 a5 20. Nc3 a4 21. Rc1 h6 22. c5 dxc5 23. Nb1 Ra5 24. Na3 Re8 25. Rcd1 Raa8 26. Kf1 g5 27. g4 Kg7 28. Rc2 Ra5 29. Ke2 Kh7 30. Nc4 Ra6 31. Nd6 Rb8 32. Nc4 Re8 33. Bd2 Ng8 34. Be3 Nf6 35. Bf2 Ng8 36. Nd6 Re6 37. Bxc5 Nf6 38. Nxf7 Bg7 39. Ba3 Re8 40. Nd8 h5 41. h3 hxg4 42. hxg4 Rh8 43. Nxc6 Ne8 44. Ne7 Kh6 45. Nd5 Kg6 46. Ke3 Bf6 47. Rc8 Re6 48. Rdc1 Rh2 49. R1c2 Rxc2 50. Rxc2 Ra6 51. Nb4 Ra8 52. Rc6 Ng7 53. Ra6 1-0

[Event "Chigorin Memorial 13th"]
[Site "St Petersburg"]
[Date "2005.10.18"]
[Round "4"]
[White "Prelovskij, Rudolf"]
[Black "Potyavin, Igor"]
[Result "1-0"]
[WhiteElo "2187"]
[BlackElo "2048"]
[PlyCount "103"]
[EventDate "2005.10.15"]
[EventType "swiss"]
[EventRounds "9"]
[EventCountry "RUS"]
[SourceTitle "CBM 108 Extra"]
[Source "ChessBase"]
[SourceDate "2005.11.04"]
[SourceVersion "1"]
[SourceVersionDate "2005.11.04"]
[SourceQuality "1"]

1. c4 e6 2. Nc3 d5 3. d4 Nf6 4. Nf3 c6 5. Bg5 dxc4 6. e4 b5 7. e5 h6 8. Bh4 g5 9. Bg3 Nd5 10. h4 Bb4 11. Rc1 Qa5 12. Qd2 g4 13. Ng1 Nd7 14. Nge2 Bb7 15. a3 Bxc3 16. Nxc3 Nxc3 17. Rxc3 0-0-0 18. Be2 Nc5 19. b4 cxb3 20. Rxc5 Qxa3 21. Qc3 b4 22. Qc1 b2 23. Qb1 b3 24. 0-0 Rxd4 25. Rc3 a5 26. f3 Rd2 27. Bd1 Qa1 28. Bxb3 gxf3 29. Rcxf3 Qxb1 30. Rxb1 Rg8 31. Bf2 c5 32. Rxf7 Be4 33. Bxe6+ Kb8 34. Rxb2+ Rxb2 35. g4 Rb1+ 36. Kh2 Rd8 37. Bd7 Rh1+ 38. Kg3 Bg6 39. e6 Bxf7 40. exf7 Rf8 41. Be8 Rc1 42. g5 hxg5 43. hxg5 Rc3+ 44. Kg4 Rc4+ 45. Kf5 Rc3 46. Ke6 a4 47. g6 Rc2 48. Bg3+ Kb7 49. g7 Re2+ 50. Be5 a3 51. gxf8Q a2 52. Qe7+ 1-0

[Event "EU-chT Seniors 06th"]
[Site "Dresden"]
[Date "2004.02.26"]
[Round "5.4"]
[White "Fahnenschmidt, Gerhard"]
[Black "Prelovskij, Rudolf"]
[Result "1-0"]
[WhiteElo "2181"]
[BlackElo "2196"]
[PlyCount "57"]
[EventDate "2004.02.22"]
[EventType "team-swiss"]
[EventRounds "7"]
[EventCountry "GER"]
[SourceTitle "CBM 099 Extra"]
[Source "ChessBase"]
[SourceDate "2004.05.04"]
[SourceVersion "1"]
[SourceVersionDate "2004.05.04"]
[SourceQuality "1"]
[WhiteTeam "Wuerttemberg"]
[BlackTeam "St Petersburg"]
[WhiteTeamCountry "GER"]
[BlackTeamCountry "RUS"]

1. d4 e6 2. c4 d5 3. Nc3 f5 4. Nf3 Nf6 5. Qc2 c6 6. Bf4 Bd6 7. Bxd6 Qxd6 8. e3 0-0 9. Bd3 Ne4 10. cxd5 exd5 11. Ne5 Qh6 12. 0-0 Nd7 13. Rad1 Ndf6 14. f3 Nd6 15. b4 Be6 16. b5 Rfc8 17. bxc6 bxc6 18. Na4 Rc7 19. Nc5 Nd7 20. Ncxd7 Bxd7 21. Nxd7 Rxd7 22. Qxc6 Rad8 23. Qxd5+ Kh8 24. Bxf5 Re7 25. e4 Nf7 26. Qc5 Rb7 27. e5 Rb2 28. Qc1 Rxa2 29. e6 1-0

[Event "EU-chT Seniors 06th"]
[Site "Dresden"]
[Date "2004.02.24"]
[Round "3.4"]
[White "Bebchuk, Evgeni"]
[Black "Prelovskij, Rudolf"]
[Result "1-0"]
[WhiteElo "2293"]
[BlackElo "2196"]
[PlyCount "95"]
[EventDate "2004.02.22"]
[EventType "team-swiss"]
[EventRounds "7"]
[EventCountry "GER"]
[SourceTitle "CBM 099 Extra"]
[Source "ChessBase"]
[SourceDate "2004.05.04"]
[SourceVersion "1"]
[SourceVersionDate "2004.05.04"]
[SourceQuality "1"]
[WhiteTeam "Russia"]
[BlackTeam "St Petersburg"]
[WhiteTeamCountry "RUS"]
[BlackTeamCountry "RUS"]

1. e4 d6 2. d4 Nf6 3. Nc3 g6 4. Bg5 Nbd7 5. Qd2 h6 6. Bh4 Bg7 7. f4 Nb6 8. Nf3 d5 9. e5 Ne4 10. Qe3 Nxc3 11. Qxc3 Bf5 12. Rg1 Qd7 13. h3 h5 14. Bf2 Bh6 15. Be3 Rc8 16. 0-0-0 a6 17. b3 Bf8 18. Bd3 Bxd3 19. Qxd3 e6 20. g4 Qb5 21. Qxb5+ axb5 22. Rdf1 hxg4 23. hxg4 Be7 24. Rg2 Ra8 25. Kb2 Kd7 26. Ng5 f6 27. Nf3 f5 28. Bd2 Rh7 29. Ne1 Rah8 30. gxf5 gxf5 31. Nd3 Ke8 32. Ba5 Na8 33. Rfg1 b6 34. Bb4 Bxb4 35. Nxb4 c5 36. dxc5 bxc5 37. Nd3 c4 38. Nc5 Nc7 39. Rg6 Ke7 40. Rg7+ Rxg7 41. Rxg7+ Kd8 42. a4 b4 43. bxc4 dxc4 44. Rd7+ Ke8 45. Rd4 c3+ 46. Kb3 Rh1 47. Kxb4 Nd5+ 48. Ka5 1-0

[Event "St Petersburg White Nights op"]
[Site "St Petersburg"]
[Date "2004.??.??"]
[Round "6"]
[White "Prelovskij, Rudolf"]
[Black "Grabinsky, Vladimir"]
[Result "0-1"]
[WhiteElo "2196"]
[BlackElo "2310"]
[PlyCount "48"]
[EventDate "2004.06.??"]
[EventType "swiss"]
[EventRounds "9"]
[EventCountry "RUS"]
[SourceTitle "CBM 100 Extra"]
[Source "ChessBase"]
[SourceDate "2004.07.06"]
[SourceVersion "2"]
[SourceVersionDate "2004.07.06"]
[SourceQuality "1"]

1. c4 e6 2. Nf3 Nf6 3. d4 d5 4. Nc3 c5 5. e3 Nc6 6. a3 cxd4 7. exd4 Be7 8. Bf4 0-0 9. Bd3 dxc4 10. Bxc4 b6 11. 0-0 Bb7 12. Ba2 Rc8 13. Re1 Na5 14. Ne5 Nd5 15. Bd2 Nxc3 16. Bxc3 Bd5 17. Bxd5 Qxd5 18. Bb4 Bxb4 19. axb4 Nb3 20. Rxa7 Rc1 21. Qe2 Nxd4 22. Qf1 Rfc8 23. Nd3 Rxe1 24. Qxe1 Nb5 0-1

[Event "St Petersburg White Nights op"]
[Site "St Petersburg"]
[Date "2004.??.??"]
[Round "9"]
[White "Solovjova, Valentina"]
[Black "Prelovskij, Rudolf"]
[Result "1-0"]
[WhiteElo "2164"]
[BlackElo "2196"]
[PlyCount "73"]
[EventDate "2004.06.??"]
[EventType "swiss"]
[EventRounds "9"]
[EventCountry "RUS"]
[SourceTitle "CBM 100 Extra"]
[Source "ChessBase"]
[SourceDate "2004.07.06"]
[SourceVersion "2"]
[SourceVersionDate "2004.07.06"]
[SourceQuality "1"]

1. e4 c5 2. c3 d5 3. exd5 Qxd5 4. d4 e6 5. Nf3 Nf6 6. Be2 Nc6 7. 0-0 Be7 8. Na3 cxd4 9. Nb5 Qd8 10. Nbxd4 Nxd4 11. Nxd4 a6 12. Bf4 0-0 13. Qb3 Qa5 14. Nf3 b5 15. Ne5 Bb7 16. Rad1 Rac8 17. Nc4 bxc4 18. Qxb7 Rfe8 19. Bd6 Bxd6 20. Rxd6 Qe5 21. Rd2 Ne4 22. Rd4 Nxc3 23. bxc3 Qxe2 24. Qxa6 e5 25. Rd7 Qc2 26. Qa5 h6 27. Qd5 Qg6 28. a4 Re6 29. a5 Kh7 30. h3 e4 31. Re1 Rcc6 32. Rb7 f5 33. Rb8 f4 34. Rf8 Rcd6 35. Qxc4 f3 36. g3 Rd3 37. Qc8 1-0

[Event "EU-chT Seniors 05th"]
[Site "Dresden"]
[Date "2003.02.25"]
[Round "3.4"]
[White "Prelovskij, Rudolf"]
[Black "Ofstad, Per"]
[Result "0-1"]
[WhiteElo "2171"]
[BlackElo "2210"]
[PlyCount "78"]
[EventDate "2003.02.23"]
[EventType "team-swiss"]
[EventRounds "7"]
[EventCountry "GER"]
[SourceTitle "EXT 2005"]
[Source "ChessBase"]
[SourceDate "2004.11.15"]
[SourceVersion "1"]
[SourceVersionDate "2004.11.15"]
[SourceQuality "1"]

1. c4 c6 2. Nf3 Nf6 3. Nc3 d5 4. cxd5 cxd5 5. d4 Nc6 6. e3 e6 7. a3 Be7 8. Bd3 Bd7 9. 0-0 0-0 10. b4 Rc8 11. Bb2 a6 12. Qe2 Bd6 13. e4 dxe4 14. Nxe4 Nxe4 15. Qxe4 g6 16. h4 Ne7 17. Ne5 Bxe5 18. Qxe5 Nd5 19. Qg3 Bb5 20. Rad1 Qc7 21. f4 Qd6 22. Rf2 Bxd3 23. Rxd3 Rc6 24. h5 Rfc8 25. Qg5 Rc2 26. Rdf3 Rxf2 27. Rxf2 Qd8 28. hxg6 hxg6 29. Qh6 Qf6 30. g4 Qh8 31. Qg5 Qh3 32. f5 exf5 33. gxf5 Re8 34. Qd2 Qg4+ 35. Kh1 Re3 36. fxg6 Qe4+ 37. Kg1 f6 38. Bc1 Re1+ 39. Rf1 Re2 0-1

[Event "EU-chT Seniors 05th"]
[Site "Dresden"]
[Date "2003.02.24"]
[Round "2.4"]
[White "Schwier, Manfred"]
[Black "Prelovskij, Rudolf"]
[Result "0-1"]
[WhiteElo "2070"]
[BlackElo "2171"]
[PlyCount "116"]
[EventDate "2003.02.23"]
[EventType "team-swiss"]
[EventRounds "7"]
[EventCountry "GER"]
[SourceTitle "EXT 2005"]
[Source "ChessBase"]
[SourceDate "2004.11.15"]
[SourceVersion "1"]
[SourceVersionDate "2004.11.15"]
[SourceQuality "1"]

1. e4 c5 2. f4 e6 3. Nf3 Nf6 4. d3 d5 5. e5 Nfd7 6. c3 Nc6 7. Be2 Be7 8. 0-0 0-0 9. Kh1 f6 10. d4 cxd4 11. cxd4 a6 12. Nc3 b5 13. Bd3 f5 14. Be3 Nb6 15. b3 Bd7 16. Rf2 Rc8 17. Ne2 Ba3 18. Neg1 Qe7 19. g4 Nb4 20. gxf5 Nxd3 21. Qxd3 Rxf5 22. Ne2 Be8 23. Rg1 Bg6 24. Rxg6 hxg6 25. Ng5 Nd7 26. Ng3 Nf8 27. Nxf5 gxf5 28. Rc2 Qe8 29. Qe2 Be7 30. Kg2 Rxc2 31. Qxc2 Qh5 32. h3 Bxg5 33. fxg5 Ng6 34. Qf2 Qd1 35. Qd2 Qb1 36. Kg3 Qe4 37. Bf4 Qb1 38. Be3 b4 39. Qf2 Qd3 40. Kh2 Qe4 41. Bd2 a5 42. Bc1 Qd3 43. Be3 Qd1 44. Qg1 Qc2+ 45. Qf2 Qe4 46. Bc1 Ne7 47. Be3 Nc6 48. Kg3 Qd3 49. Kh2 g6 50. Kg2 Na7 51. Qd2 Qe4+ 52. Kh2 Nb5 53. Qe2 Nxd4 54. Qa6 Qxe5+ 55. Kh1 Qe4+ 56. Kh2 Qc2+ 57. Kg3 f4+ 58. Bxf4 Nf5+ 0-1

[Event "EU-chT Seniors 04th"]
[Site "Dresden"]
[Date "2002.02.26"]
[Round "2.4"]
[White "Titz, Herbert"]
[Black "Prelovskij, Rudolf"]
[Result "0-1"]
[WhiteElo "2123"]
[BlackElo "2208"]
[PlyCount "105"]
[EventDate "2002.02.25"]
[EventType "team-swiss"]
[EventRounds "7"]
[EventCountry "GER"]
[SourceTitle "EXT 2005"]
[Source "ChessBase"]
[SourceDate "2004.11.15"]
[SourceVersion "1"]
[SourceVersionDate "2004.11.15"]
[SourceQuality "1"]

1. e4 c5 2. Nc3 d6 3. f4 a6 4. Nf3 Nc6 5. d4 cxd4 6. Nxd4 e6 7. Nb3 Nf6 8. Be3 b5 9. a3 Be7 10. Bd3 h5 11. Be2 Bb7 12. Bf3 Qc7 13. Qe2 h4 14. Qf2 Nd7 15. Rd1 Rc8 16. 0-0 Nd8 17. Rfe1 Ba8 18. Rd2 Rb8 19. Qe2 Nb6 20. Rd3 Nc4 21. Bc1 Kf8 22. Nd1 Nb7 23. Nf2 Bf6 24. c3 a5 25. Nd4 Nc5 26. Rdd1 Bxd4 27. Rxd4 Nb3 28. Rdd1 Bb7 29. Qc2 Nxc1 30. Rxc1 Qb6 31. Qe2 Ba6 32. Kh1 Qc7 33. Red1 Re8 34. b3 Nb6 35. Qd2 Rd8 36. c4 bxc4 37. Qxa5 Ra8 38. Qb4 Kg8 39. Rxd6 Rb8 40. Qd2 Qc5 41. b4 Qc8 42. e5 Bb5 43. Be4 g6 44. Nd1 h3 45. g3 Nd5 46. Nc3 Nxc3 47. Qxc3 Qc7 48. Qc2 Qa7 49. Qc3 Kg7 50. Rcd1 Rhc8 51. R1d4 Qa4 52. Bc2 Bc6+ 53. Kg1 0-1

[Event "St Petersburg White Nights op2"]
[Site "St Petersburg"]
[Date "2002.??.??"]
[Round "5"]
[White "Prelovskij, Rudolf"]
[Black "Biriukov, Oleg V"]
[Result "0-1"]
[WhiteElo "2208"]
[BlackElo "2378"]
[PlyCount "66"]
[EventDate "2002.??.??"]
[EventType "swiss"]
[EventRounds "9"]
[EventCountry "RUS"]
[SourceTitle "EXT 2003"]
[Source "ChessBase"]
[SourceDate "2002.11.25"]
[SourceVersion "1"]
[SourceVersionDate "2002.11.25"]
[SourceQuality "1"]

1. d4 Nf6 2. c4 e6 3. Nf3 b6 4. g3 Ba6 5. Qb3 Nc6 6. Bd2 Bb7 7. Bg2 Nxd4 8. Qc3 c5 9. Qc1 Be7 10. Nc3 Nxf3+ 11. exf3 d5 12. cxd5 exd5 13. 0-0 d4 14. Ne4 0-0 15. Re1 Nd5 16. f4 Qd7 17. Qd1 Nf6 18. f3 c4 19. f5 Qxf5 20. Nf2 Rfe8 21. g4 Qd7 22. Rc1 b5 23. g5 Nd5 24. f4 Bc5 25. Nd3 Bd6 26. Ne5 Bxe5 27. fxe5 Ne7 28. Bxb7 Qxb7 29. Qg4 Qd5 30. e6 fxe6 31. Rxe6 Ng6 32. Rce1 Rxe6 33. Rxe6 Ne5 0-1

[Event "Vladimir op"]
[Site "Vladimir"]
[Date "2002.??.??"]
[Round "?"]
[White "Prelovskij, Rudolf"]
[Black "Solovjov, Sergey"]
[Result "0-1"]
[WhiteElo "2171"]
[BlackElo "2456"]
[PlyCount "80"]
[EventDate "2002.??.??"]
[EventType "swiss"]
[EventRounds "9"]
[EventCountry "RUS"]
[SourceTitle "EXT 2008"]
[Source "ChessBase"]
[SourceDate "2007.11.25"]
[SourceVersion "1"]
[SourceVersionDate "2007.11.25"]
[SourceQuality "1"]

1. d4 Nf6 2. c4 g6 3. Nc3 Bg7 4. e4 0-0 5. f3 d6 6. Be3 Nc6 7. Nge2 a6 8. Qd2 Rb8 9. Nc1 e5 10. Nb3 exd4 11. Nxd4 Ne5 12. Rd1 c6 13. Nc2 Be6 14. b3 b5 15. cxb5 axb5 16. Qxd6 Qa5 17. Qb4 Qa8 18. Bc5 Nfd7 19. Nd4 Nxc5 20. Qxc5 Nd7 21. Qg5 Qa5 22. Qd2 Ne5 23. Nb1 b4 24. Qc2 Bd7 25. Ne2 Rfd8 26. Nc1 Qa7 27. Be2 Be6 28. Nd3 Qe3 29. Nf2 c5 30. 0-0 Nc6 31. Bc4 Nd4 32. Qc1 Ne2+ 33. Bxe2 Qxe2 34. Qxc5 Rxd1 35. Rxd1 Qxa2 36. Qd6 Qa7 37. Rd3 Rc8 38. g4 Bf8 39. Qg3 Rc1+ 40. Kg2 Rxb1 0-1